000 00453pab a2200157 454500
008 180718b1999 xxu||||| |||| 00| 0 eng d
100 _aKumar, Nagesh
245 _aLabour abundance and global patterns of investment and trade by multinationals: implications for India
260 _c1999
300 _ap.969-79
362 _aOct-Dec
650 _aLabour - India
650 _aLabour
773 _aIndian Journal of Labour Economics
909 _a43389
999 _c43389
_d43389